000 00488nam a2200181Ia 4500
001 12889
005 20260306163013.0
008 260306t2006||||xx |||||||||||||| ||spa||
041 _aESP
082 _aRD 450.3
_bE96
100 _aLópez Varela, Raquel (Dir)
_eAUT
245 0 _aEverest cima :
_bDiccionario español - italiano, dizionario italiano - espagnolo
260 _c2006
300 _a910 páginas :
_c20 CM.
650 _aGEN
654 _aCHU
942 _cDIC
_dJUS
_fJUS
_2ddc
_n
999 _c12889
_d12889